Rural housing under microscope (Record no. 69271)
[ view plain ]
| 000 -LEADER | |
|---|---|
| fixed length control field | 01113cam a2200229 4500 |
| 001 - CONTROL NUMBER | |
| control field | WB3802-32 |
| 008 - FIXED-LENGTH DATA ELEMENTS--GENERAL INFORMATION | |
| fixed length control field | 020115n2002 000 0 eng u |
| 035 ## - SYSTEM CONTROL NUMBER | |
| System control number | (Sirsi) u116286 |
| 245 ## - TITLE STATEMENT | |
| Title | Rural housing under microscope |
| 260 ## - PUBLICATION, DISTRIBUTION, ETC. | |
| Date of publication, distribution, etc. | 2002 |
| 490 ## - SERIES STATEMENT | |
| Series statement | RICS Press Release |
| Volume/sequential designation | (pr003) 11 January 2002 |
| 490 ## - SERIES STATEMENT | |
| Series statement | Planning (for the Natural and Built Environment) |
| Volume/sequential designation | January 2002, 5(3) |
| 520 ## - SUMMARY, ETC. | |
| Summary, etc. | RICS is to carry out research into the availability of affordable housing for essential workers in rural areas. "A home in the country", will examine the cost and provision of housing in rural areas and how people can be helped to stay in the countryside. The Countryside Agency also warns of a rural housing crisis in the south east in its report, "The state of the countryside 2001", available free from the Countryside Agency T 0870 120 6466 and via http://www.countryside.gov.uk/whatsnew.asp |
| 590 ## - LOCAL NOTE (RLIN) | |
| Local note | WB |
| 650 ## - SUBJECT ADDED ENTRY--TOPICAL TERM | |
| Topical term or geographic name entry element | HOUSING |
| 650 ## - SUBJECT ADDED ENTRY--TOPICAL TERM | |
| Topical term or geographic name entry element | SOCIAL HOUSING |
| 650 ## - SUBJECT ADDED ENTRY--TOPICAL TERM | |
| Topical term or geographic name entry element | RURAL COMMUNITIES |
| 650 ## - SUBJECT ADDED ENTRY--TOPICAL TERM | |
| Topical term or geographic name entry element | RURAL HOUSING |
| 650 ## - SUBJECT ADDED ENTRY--TOPICAL TERM | |
| Topical term or geographic name entry element | Affordable housing |
| 9 (RLIN) | 6215 |
| 690 ## - LOCAL SUBJECT ADDED ENTRY--TOPICAL TERM (OCLC, RLIN) | |
| Topical term or geographic name as entry element | Rural |
| 9 (RLIN) | 6268 |
| 942 ## - ADDED ENTRY ELEMENTS (KOHA) | |
| Suppress in OPAC | 0 |
| Withdrawn status | Lost status | Source of classification or shelving scheme | Damaged status | Not for loan | Home library | Current library | Shelving location | Date acquired | Total Checkouts | Full call number | Barcode | Date last seen | Copy number | Price effective from | Koha item type |
|---|---|---|---|---|---|---|---|---|---|---|---|---|---|---|---|
| Dewey Decimal Classification | London | London | News article | 15/01/2002 | WB3802-32 | 116286-1001 | 06/08/2019 | 1 | 06/08/2019 | News article |